KEUPAYAAN MENGEKSPORT PRODUK MAKANAN HALAL DI KALANGAN PENGUSAHA PKS DI MALAYSIA / Oleh (Record no. 2414)

MARC details
000 -LEADER
fixed length control field 00973nam a22002651u 4500
001 - CONTROL NUMBER
control field 05090
003 - CONTROL NUMBER IDENTIFIER
control field HDC
007 - PHYSICAL DESCRIPTION FIXED FIELD--GENERAL INFORMATION
fixed length control field cr bn ---aaaaa
008 - FIXED-LENGTH DATA ELEMENTS--GENERAL INFORMATION
fixed length control field 210118p9999 o d 00 mayg
040 ## - CATALOGING SOURCE
Original cataloging agency HDC
100 ## - MAIN ENTRY--PERSONAL NAME
Personal name Norlaila Abu Bakar
Relator term author
9 (RLIN) 5317
245 #0 - TITLE STATEMENT
Title KEUPAYAAN MENGEKSPORT PRODUK MAKANAN HALAL DI KALANGAN PENGUSAHA PKS DI MALAYSIA / Oleh
Statement of responsibility, etc. Norlaila Abu Bakar dan Nor Aini Haji Idris
260 ## - PUBLICATION, DISTRIBUTION, ETC.
Place of publication, distribution, etc. [no place] :
Name of publisher, distributor, etc. [publisher not identified],
Date of publication, distribution, etc. [no year]
300 ## - PHYSICAL DESCRIPTION
Extent 1 online resource (13 pages)
336 ## - CONTENT TYPE
Content type term text
Source rdacontent
337 ## - MEDIA TYPE
Media type term computer
Source rdamedia
338 ## - CARRIER TYPE
Carrier type term online resource
Source rdacarrier
650 ## - SUBJECT ADDED ENTRY--TOPICAL TERM
Topical term or geographic name entry element Halal food
9 (RLIN) 50
650 ## - SUBJECT ADDED ENTRY--TOPICAL TERM
Topical term or geographic name entry element Halal product
9 (RLIN) 48
700 ## - ADDED ENTRY--PERSONAL NAME
Personal name Nor Aini Haji Idris
Relator term author
9 (RLIN) 4877
856 ## - ELECTRONIC LOCATION AND ACCESS
Public note Request full-text at [email protected]
942 ## - ADDED ENTRY ELEMENTS (KOHA)
Source of classification or shelving scheme Library of Congress Classification
942 ## - ADDED ENTRY ELEMENTS (KOHA)
Koha item type Articles
942 ## - ADDED ENTRY ELEMENTS (KOHA)
Call number prefix JART 001297
Holdings
Withdrawn status Lost status Source of classification or shelving scheme Damaged status Not for loan Home library Current library Shelving location Date acquired Total checkouts Full call number Date last seen Price effective from Koha item type
    Library of Congress Classification     Halal Development Corporation Library Halal Development Corporation Library Open Shelves 24/05/2023   JART 001297 24/05/2023 24/05/2023 Articles
Halal Development Corporation Berhad (HDC)
5.02 Level 5, KPMG Tower, First Avenue, Persiaran Bandar Utama, 47800 Petaling Jaya, Selangor Darul Ehsan
Phone: +603 7965 5489 Email: [email protected]